Isu-isu perancangan bahasa : (Record no. 2575)

000 -LEADER
fixed length control field nam a22 a 4500
003 - CONTROL NUMBER IDENTIFIER
control field AKMAL
005 - DATE AND TIME OF LATEST TRANSACTION
control field 20170517113404.0
008 - FIXED-LENGTH DATA ELEMENTS--GENERAL INFORMATION
fixed length control field 170517r19871989my g 00 may d
020 ## - INTERNATIONAL STANDARD BOOK NUMBER
International Standard Book Number 40035735101
082 04 - DEWEY DECIMAL CLASSIFICATION NUMBER
Classification number 499.28 ABD
Edition number 20
090 00 - LOCALLY ASSIGNED LC-TYPE CALL NUMBER (OCLC); LOCAL CALL NUMBER (RLIN)
Classification number (OCLC) (R) ; Classification number, CALL (RLIN) (NR) 499.28
Local cutter number (OCLC) ; Book number/undivided call number, CALL (RLIN) ABD
100 0# - MAIN ENTRY--PERSONAL NAME
Personal name Abdullah Hassan,
Dates associated with a name 1942-
9 (RLIN) 341
245 10 - TITLE STATEMENT
Title Isu-isu perancangan bahasa :
Remainder of title pengintelektualan Bahasa Malaysia /
Statement of responsibility, etc. Abdullah Hassan
260 ## - PUBLICATION, DISTRIBUTION, ETC.
Place of publication, distribution, etc. Kuala Lumpur :
Name of publisher, distributor, etc. Dewan Bahasa dan Pustaka,
Date of publication, distribution, etc. 1987
300 00 - PHYSICAL DESCRIPTION
Extent xi, 208ms. ;
Dimensions 22cm.
504 ## - BIBLIOGRAPHY, ETC. NOTE
Bibliography, etc. note Bibliografi: ms.205-208
650 10 - SUBJECT ADDED ENTRY--TOPICAL TERM
Topical term or geographic name entry element Bahasa Malaysia
General subdivision Usage
9 (RLIN) 5373
650 20 - SUBJECT ADDED ENTRY--TOPICAL TERM
Topical term or geographic name entry element Malay language
General subdivision Usage
9 (RLIN) 4048
942 ## - ADDED ENTRY ELEMENTS (KOHA)
Source of classification or shelving scheme
Koha item type Book
Holdings
Withdrawn status Lost status Source of classification or shelving scheme Damaged status Not for loan Collection code Home library Current library Shelving location Date acquired Inventory number Total Checkouts Full call number Barcode Date last seen Price effective from Koha item type
          NON-FICTION AKMAL Melaka AKMAL Melaka PINJAMAN 17.05.2017 400264   499.28 ABD 201703261 17.05.2017 17.05.2017 Book
Pusat Sumber Maklumat Dato' Haji Sarmin Md Hussin, Akademi Kastam Diraja Malaysia, Melaka
Tel: 06-2331106 | Faks: 06-2313787